PFIN 4 (Record no. 2510)
[ view plain ]
| 000 -LEADER | |
|---|---|
| fixed length control field | 00658nam a22002297a 4500 |
| 003 - CONTROL NUMBER IDENTIFIER | |
| control field | OSt |
| 005 - DATE AND TIME OF LATEST TRANSACTION | |
| control field | 20210713070451.0 |
| 008 - FIXED-LENGTH DATA ELEMENTS--GENERAL INFORMATION | |
| fixed length control field | 210713b ||||| |||| 00| 0 eng d |
| 020 ## - INTERNATIONAL STANDARD BOOK NUMBER | |
| International Standard Book Number | 9781305388079 |
| 040 ## - CATALOGING SOURCE | |
| Transcribing agency | ALUPE UNIVERSITY |
| 050 ## - LIBRARY OF CONGRESS CALL NUMBER | |
| Classification number | HG179 |
| Item number | .P47 2016 |
| 100 ## - MAIN ENTRY--PERSONAL NAME | |
| Personal name | Lawrence J Gitman |
| 245 ## - TITLE STATEMENT | |
| Title | PFIN 4 |
| 250 ## - EDITION STATEMENT | |
| Edition statement | 4th ed |
| Remainder of edition statement | Instructor edition |
| 260 ## - PUBLICATION, DISTRIBUTION, ETC. | |
| Place of publication, distribution, etc. | Boston, MA |
| Name of publisher, distributor, etc. | Cengage Learning |
| Date of publication, distribution, etc. | c2016. |
| 300 ## - PHYSICAL DESCRIPTION | |
| Extent | 452p |
| 650 ## - SUBJECT ADDED ENTRY--TOPICAL TERM | |
| Source of heading or term | Finance, Personal -- Study and teaching (Higher) |
| 650 ## - SUBJECT ADDED ENTRY--TOPICAL TERM | |
| Source of heading or term | Financial literacy -- Study and teaching (Higher) |
| 700 ## - ADDED ENTRY--PERSONAL NAME | |
| Personal name | Michael D Joehnk; |
| 700 ## - ADDED ENTRY--PERSONAL NAME | |
| Personal name | Randall S Billingsley |
| 942 ## - ADDED ENTRY ELEMENTS (KOHA) | |
| Source of classification or shelving scheme | |
| Koha item type | Book |
| Suppress in OPAC | DO |
| Withdrawn status | Lost status | Source of classification or shelving scheme | Damaged status | Not for loan | Permanent Location | Current Location | Shelving location | Date acquired | Total Checkouts | Full call number | Barcode | Date last seen | Price effective from | Koha item type | Public note |
|---|---|---|---|---|---|---|---|---|---|---|---|---|---|---|---|
| AU LIBRARY | AU LIBRARY | Open Shelf | 13.07.2021 | HG179 .P47 2016 | 28000761 | 13.07.2021 | 13.07.2021 | Book | DO |